000 00389nam a2200133Ia 4500
003 GCL
008 140319s9999 xx 000 0 ara d
040 _aGCL /
_cGCL
082 0 4 _a811.2
_bف خ
100 1 _aفؤاد افرام البستانى
245 1 0 _aالخنساء: منتخبات شعرية /
_cفؤاد افرام البستانى
300 _a38 ص
490 _aالروائع
_v0
999 _c47565
_d47565